| 000 | 00489nam a22001937a 4500 | ||
|---|---|---|---|
| 003 | CEME | ||
| 005 | 20210628202404.0 | ||
| 008 | 210128b xxu||||| |||| 00| 0 eng d | ||
| 020 | _a0-07-011322-X | ||
| 040 | _c. | ||
| 082 | _a621.3 PAU | ||
| 100 |
_aHoward, A.K:Hitch, J.L _959696 |
||
| 245 | _aIIntroduction to electrical engineering | ||
| 250 | _a2ND | ||
| 260 |
_aNEWYORK _bMCGRAW HILL _c1992 |
||
| 300 | _aXII,339P | ||
| 650 |
_aELECTRICAL ENGINEERING _92354 |
||
| 942 |
_cBK _2ddc |
||
| 999 |
_c569612 _d569612 |
||